Laliga winners - Sudden death - Statistics

General Stats
  • This quiz has been taken 290 times
    256 since last reset
  • The average score is 6 of 9
Answers on the Grid
Answers color-coded by a green-red scale on the quiz's grid according to % correct below.
Espanyol
Granada CF
Real Betis
Getafe CF
Real Sociedad
Atlético de Madrid
Levante UD
FC Barcelona
Real Valladolid
Real Madrid
Alavés
Osasuna
Malaga CF
Sevilla FC
Celta de Vigo
Deportivo La Coruña
Eibar
Valencia CF
Athletic Club
Real Zaragoza
 
Answer Stats
Answer % Correct
FC Barcelona
93%
Atlético de Madrid
90%
Real Madrid
89%
Valencia CF
72%
Athletic Club
67%
Sevilla FC
66%
Real Sociedad
62%
Real Betis
57%
Deportivo La Coruña
54%
No matching quizzes found
Score Distribution
Percent of People with Each Score
Percentile by Number Answered
Your Score History
You have not taken this quiz since the last reset